Save the last dance (Registro nro. 240923)

Detalles MARC
000 -ENCABEZADO
Número de control [NR] 02094 a2200325 4500
005 - FECHA Y HORA DE LA ÚLTIMA TRANSACCIÓN
control field 20140508144705.0
008 - DE LONGITUD FIJA DE DATOS DE ELEMENTOS - INFORMACIÓN GENERAL
Elementos de longitud fija [NR] 140503s2001 xxu g q mlmul d
040 ## - FUENTE DE CATALOGACION [NR]
Agencia de catalogación original [NR] CO-BoUCM
Idioma de catalogación [NR] spa
Quien Cataloga
Quien Clasifica Aldemar Mondragón
041 ## - CODIGO DE IDIOMA [R]
Código de idioma para texto/pista de sonido o título separado [R] Inglés
041 ## - CODIGO DE IDIOMA [R]
Código de idioma para texto/pista de sonido o título separado [R] Francés
092 ## - SIGNATURA TOPOGRAFICA LOCAL
Número de clasificación local DVD 1403
245 00 - MENCION DE TITULO [NR]
Título [NR] Save the last dance
Mención de responsabilidad, etc. [NR] Thomas Carter, director
Medio físico [NR] [DVD]
246 13 - FORMA VARIANTE DEL TITULO [R]
Título propiamente dicho/forma breve del título [NR] Espera al último baile
260 ## - PUBLICACION, DISTRIBUCION, ETC. (PIE DE IMPRENTA) [R]
Lugar de publicación, distribución, etc. [R] Hollywood (Los Ángeles, california)
Nombre del editor, distribuidor, etc. [R] Paramount Pictures
Fecha de publicación, distribución, etc. [R] 2001
300 ## - DESCRIPCION FISICA [R]
Extensión [R] 1 DVD, 112 minutos
Otros detalles físicos [NR] imagen, sonido, color
500 ## - NOTA GENERAL [R]
Nota general [NR] SINOPSIS: Sara quiere ser bailarina, pero sus sueños son interrumpidos por la repentina muerte de su madre. Se muda con su padre, a quien no ha visto desde hace mucho tiempo. Él vive en el otro lado de la ciudad, en un barrio predominantemente Negro.Se ha trasladado a una nueva escuela donde ella es una de las pocas estudiantes blancas allí. Se hace amiga de Chenilla, y más tarde, se enamora del hermano de Chenilla, Derek
508 ## - NOTA DE CREDITOS DE CREACION/PRODUCCION [R]
Nota de créditos de creación/producción [NR] CRÉDITOS: Dirigida por Thomas Carter ; guion por Duane Adler y Cheryl Edwards ; producida por Scarlett Lacey ; música por Mark Isham ; fotografía por Robbie Greenberg ; diseño de producción por Paul Eads ; dirección de arte por Diane Hughes ; ambientación por Tricia Schneider ; vestuario por Sandra Hernandez ; maquillaje por Lun Yé Hodges
511 0# - NOTA DE PARTICIPANTE O INTERPRETE [R]
Nota de participante o intérprete [NR] REPARTO: Julia Stiles, Sean Patrick Thomas, Kerry Washington, Fredro Starr, Terry Kinney, Bianca Lawson, Vince Green, Garland Whitt, Elisabeth Oas, Artel Great
546 ## - NOTA DE IDIOMA [R]
Nota de idioma [NR] Audio en inglés y francés. Subtítulos en inglés
650 #T - ASIENTO SECUNDARIO DE MATERIA - TERMINO TEMATICO [R]
9 (RLIN) 12451
Término temático o nombre geográfico como elemento de entrada [NR] Danza
Subdivisión de forma [R] DVD
650 #T - ASIENTO SECUNDARIO DE MATERIA - TERMINO TEMATICO [R]
9 (RLIN) 9896
Término temático o nombre geográfico como elemento de entrada [NR] Bailarines
Subdivisión de forma [R] DVD
650 #T - ASIENTO SECUNDARIO DE MATERIA - TERMINO TEMATICO [R]
9 (RLIN) 9897
Término temático o nombre geográfico como elemento de entrada [NR] Baile
Subdivisión de forma [R] DVD
690 ## - ASUNTO AGREGADO LOCAL DE ENTRADA - TÉRMINO TEMÁTICO (OCLC, RLIN)
9 (RLIN) 42805
Acceso temático local Entretenimiento
700 1# - ASIENTO SECUNDARIO - NOMBRE PERSONAL [R]
Nombre personal [NR] Carter, Thomas
Término de relación [R] director
9 (RLIN) 60498
710 2# - ASIENTO SECUNDARIO - NOMBRE CORPORATIVO [R]
Nombre corporativo o de jurisdicción como elemento de entrada [NR] Paramount Pictures
9 (RLIN) 48549
710 2# - ASIENTO SECUNDARIO - NOMBRE CORPORATIVO [R]
Nombre corporativo o de jurisdicción como elemento de entrada [NR] MTV Films
9 (RLIN) 60499
710 2# - ASIENTO SECUNDARIO - NOMBRE CORPORATIVO [R]
Nombre corporativo o de jurisdicción como elemento de entrada [NR] Cort/Madden Productions
9 (RLIN) 60500
856 40 - LOCALIZACION Y ACCESO ELECTRONICOS [R]
Identificador Uniforme del Recurso (“URI”) [R] <a href="https://www.youtube.com/watch?v=cm-tgph1IQw">https://www.youtube.com/watch?v=cm-tgph1IQw</a>
Nota dirigida al público [R] Siga este enlace para ver el trailer
-- Trailer tomado del canal MOVIECLIPS Classic Trailers vía YouTube.com
942 ## - ELEMENTOS DE ENTRADA AGREGADOS (KOHA)
Source of classification or shelving scheme LOCAL
Tema principal Entretenimiento
Koha item type Multimedia
Edition 1
Existencias
Suprimido Perdido Sistema de clasificación Dañado No prestable Tipo de ítem específico Ubicación habitual Ubicación actual Localización Fecha de creación Proveedor Forma de adquisición Costo Signatura topográfica Código de barras Última vez visto Ejemplar Costo de reposición Price effective from Tipo de ítem
    LOCAL     DVD Claustro Claustro Colección digital 18/02/2014 12 Donación 26000.00 DVD 1403 100142107 10/12/2024 Ej.2 26000.00 18/02/2014 Multimedia
    LOCAL   Préstamo restringido DVD Procesos Técnicos (no para préstamo) Procesos Técnicos (no para préstamo) Procesos Técnicos 18/02/2014 12 Donación 26000.00 DVD 1403 100141960 09/12/2025 Ej.1 26000.00 18/02/2014 Multimedia